| Tag |
First Indicator |
Second Indicator |
Subfields |
| LEADER |
00000cgm a2200000Ia 4500 |
| 001 |
in00002708521 |
| 005 |
20210116063209.0 |
| 007 |
vd cvaizq |
| 008 |
110628s2011 cau097 vleng d |
| 024 |
1 |
0 |
|a 031398142164
|
| 028 |
4 |
2 |
|a 31123
|b Lionsgate
|
| 035 |
|
|
|a (OCoLC)ocn733273734
|
| 035 |
|
|
|a (OCoLC)733273734
|
| 040 |
|
|
|a TEFMT
|c TEFMT
|d BTCTA
|d TEF
|d MR0
|d ZAG
|d WAU
|d CGL
|d ORX
|d TXA
|d UtOrBLW
|
| 041 |
1 |
|
|a eng
|j eng
|j spa
|h eng
|
| 049 |
|
|
|a TXAM
|
| 050 |
|
4 |
|a PN1997.2
|b .E94 2011
|
| 082 |
0 |
4 |
|a 791.43/72
|2 22
|
| 090 |
|
|
|a PN1995.9.C55
|b E95 2011
|
| 245 |
0 |
0 |
|a Everything must go /
|c Temple Hill Entertainment presents, in association with Cow Town Cinema Ventures and Nationlight Productions ; produced by Marty Bowen & Wyck Godfrey ; written and directed by Dan Rush.
|
| 257 |
|
|
|a United States
|2 naf
|
| 264 |
|
1 |
|a Santa Monica, CA :
|b Lionsgate,
|c [2011]
|
| 300 |
|
|
|a 1 videodisc (approximately 97 min.) :
|b sound, color ;
|c 4 3/4 in.
|
| 336 |
|
|
|a two-dimensional moving image
|b tdi
|2 rdacontent
|
| 337 |
|
|
|a video
|b v
|2 rdamedia
|
| 338 |
|
|
|a videodisc
|b vd
|2 rdacarrier
|
| 538 |
|
|
|a DVD, region 1, NTSC ; widescreen (2.40:1) presentation ; Dolby Digital 5.1 surround.
|
| 546 |
|
|
|a In English, optional English or Spanish subtitles; closed-captioned.
|
| 511 |
1 |
|
|a Will Ferrell, Rebecca Hall, Michael Peña, Christopher C.J. Wallace, Glenn Howerton, Stephen Root, Laura Dern.
|
| 508 |
|
|
|a Music, David Torn ; editor, Sandra Adair ; director of photography, Michael Barrett.
|
| 500 |
|
|
|a Based on the short story "Why don't you dance?" by Raymond Carver.
|
| 500 |
|
|
|a DVD release of the 2011 motion picture.
|
| 521 |
8 |
|
|a MPAA rating: R; for language and some sexual content.
|
| 520 |
|
|
|a "Nick, a career salesman who loses his wife and his job in the worst day of his life. Faced with his life imploding, Nick puts it all on the line--or, rather, on the lawn--as he moves himself and all his possessions to his front yard"--Container.
|
| 500 |
|
|
|a Special features: behind the scenes featurette; audio commentary with director; Will Ferrell featurette; deleted scenes.
|
| 500 |
|
|
|a Videorecording.
|
| 650 |
|
0 |
|a Man-woman relationships
|v Drama.
|
| 650 |
|
0 |
|a Divorce
|v Drama.
|
| 600 |
1 |
0 |
|a Carver, Raymond,
|d 1938-1988
|v Film adaptations.
|
| 655 |
|
7 |
|a Comedy films.
|2 lcgft
|
| 655 |
|
7 |
|a Film adaptations.
|2 lcgft
|
| 655 |
|
7 |
|a Fiction films.
|2 lcgft
|
| 655 |
|
7 |
|a Feature films.
|2 lcgft
|
| 655 |
|
7 |
|a Video recordings for the hearing impaired.
|2 lcgft
|
| 700 |
1 |
|
|a Rush, Dan,
|e screenwriter,
|e director.
|
| 700 |
1 |
|
|a Bowen, Marty,
|e producer.
|
| 700 |
1 |
|
|a Godfrey, Wyck,
|e producer.
|
| 700 |
1 |
|
|a Ferrell, Will,
|d 1967-
|e actor.
|
| 700 |
1 |
|
|a Hall, Rebecca,
|e actor.
|
| 700 |
1 |
|
|a Peña, Michael,
|d 1976-
|e actor.
|
| 700 |
1 |
|
|a Wallace, CJ,
|d 1996-
|
| 700 |
1 |
|
|a Howerton, Glenn,
|d 1976-
|
| 700 |
1 |
|
|a Root, Stephen.
|
| 700 |
1 |
|
|a Torn, David,
|d 1953-
|
| 700 |
1 |
|
|a Adair, Sandra.
|
| 700 |
1 |
|
|a Barrett, Michael,
|d 1970-
|
| 700 |
1 |
|
|a Dern, Laura,
|e actor.
|
| 700 |
1 |
|
|a Carver, Raymond,
|d 1938-1988.
|t Why don't you dance?
|
| 710 |
2 |
|
|a Lions Gate Films (Santa Monica, Calif.)
|
| 710 |
2 |
|
|a Temple Hill Entertainment (Firm)
|
| 710 |
2 |
|
|a Cow Town Cinema Ventures.
|
| 710 |
2 |
|
|a Nationlight Productions.
|
| 938 |
|
|
|a Baker and Taylor
|b BTCP
|n BEDDLGHE31123
|
| 994 |
|
|
|a C0
|b TXA
|
| 948 |
|
|
|a cataloged
|b h
|c 2011/9/13
|d c
|e blrosas
|f 12:51:11 pm
|
| 999 |
|
|
|a MARS
|
| 999 |
f |
f |
|s 9a51636a-d99f-3ae6-aa54-6aad50fa9f36
|i 196233fd-43c4-3e73-9e5c-a66067e56706
|t 0
|
| 952 |
f |
f |
|p dvd
|a Texas A&M University
|b College Station
|c Sterling C. Evans Library
|d Evans: Media and Reserves (Annex 1st floor)
|t 0
|e PN1995.9.C55 E95 2011
|h Library of Congress classification
|i video -- videodisc
|m A14841183987
|
| 998 |
f |
f |
|a PN1995.9.C55 E95 2011
|t 0
|l Evans: Media and Reserves (Annex 1st floor)
|